000 00574nam a22001937a 4500
999 _c6073
_d6073
003 GBCCL
005 20241126110555.0
008 180430b ||||| |||| 00| 0 eng d
020 _a0130139467
040 _cgbc
082 _a248.8435
_bPEA
100 _aPeale, Norman Vincent
_96898
245 _aThe adventure of being a wife /
_cNorman Vincent
260 _aNew Jersey:
_bPentice-Hall, Inc.,
_c1971
300 _a266 p.;
_c21 cm.
650 _aMarriage
_vReligious aspects
_xChristianity
_97239
650 _aWife
_vReligious aspects
_xChristianity
_910937
942 _2ddc
_cBK